=LDR 00000nam 2200000 4500 =001 INLIS000000000044511 =005 20131008105951 =008 ***********************************Ind** =035 ##$$0010-101300000002433 =041 ##$$a Ind =082 ##$$a 2x4.302 =090 ##$$a 2x4.302 , Mus k =100 ##$$a Musthafa, Ibnu =245 ##$$a Keluarga Islam menyongsong abad 21 , Ibnu Musthafa =260 ##$$a 1993 $b Bandung =300 ##$$a 155 hlm. , 20 cm =850 ##$$a NBPNMAT